Responses for Show #3040 - Friday, November 14, 1997

1997-B Teen Tournament final game 2.
From DAR Constitution Hall in Washington, D.C.

Contestants

[<< previous game]

Enos Williams, a junior from Beaumont, Texas (subtotal of $11,000)

Kristen Stuckey, a senior from Richardson, Texas (subtotal of $1,000)

Sahir Islam, a senior from Somers, New York (subtotal of $16,500)

[next game >>]

Jeopardy! Round responses

"JERK"s
WOMEN IN HISTORY
OUT THERE SPORTS
PEOPLE EAT THAT?
TONGUE TWISTERS
BRAIN FREEZE!
(Alex: What I experience from time to time!)
    $100 11
a tearjerker

Kristen
    $100 10
Indira Gandhi

Enos
    $100 1
kayaks

Sahir
    $100 30
eel

Sahir
    $100 26
Sells seashells

Enos
    $100 21
7

Sahir
    $200 18
Soda jerk

Sahir
    $200 9
Pocahontas

Sahir
    $200 2
(Sahir: What are bungee cords?)

parachutes

SahirKristen
    $200 29
Pig

Sahir
    $200 25
Wasn't fuzzy, was he?

Enos
    $200 20
3.14

Enos
    $300 14
Turkey jerky

Kristen
    $300 8
Jane Addams

Sahir
    $300 4
Water skiing

Enos
    $300 28
Blue cheese

Enos
    $300 24
Rubber

Kristen
    $300 19
"Thou shalt not kill"

Sahir
    $400 13
Knee-jerk

Enos
    $500 7
Joan of Arc

Enos
    $400 5
Surfing

Triple Stumper
    $400 27
Arch Deluxe

Enos
    $400 23
roses

Kristen
    $400 16
Bashful

Kristen
    $500 12
Jerky Boys

Kristen
    $500 3
Sojourner Truth

Sahir
    $500 6
X-(Extreme) Games

Enos
    $500 22
(E: What is the intestine?)
(K: What is the liver?)

Stomach

SahirKristenEnos
    $500 17
Butter

Enos
    $500 15
John Quincy Adams

Triple Stumper

Scores at the first commercial break (after clue 12):

Sahir Kristen Enos
$900 $800 $1,400

Scores at the end of the Jeopardy! Round:

Sahir Kristen Enos
$2,300 $1,700 $3,000

Double Jeopardy! Round responses

NAME THAT COUNTRY
FAMILIAR PHRASES
HISTORIC HEARTTHROBS
TEENS ON FILM
THE BODY HUMAN
B SILENT
    $200 10
Iceland

Sahir
    $200 28
a face

Enos
    $200 30
Charles Lindbergh

Kristen
    $200 5
(Enos: What is Groundhog Day?)

Father's Day

KristenEnos
    $200 17
a sneeze

Sahir
    $200 18
a lamb

Kristen
    $400 9
Luxembourg

Kristen
    $400 27
the back burner

Sahir
    $400 29
Jimmy Stewart

Enos
    $400 4
Lukas Haas

Kristen
    $400 16
canines

Sahir
    $400 22
thumbs

Kristen
    $600 8
Tunisia

Enos
    $600 26
the wrong side of the bed

Sahir
    $1,700 23
piano

Kristen
    $2,000 3
(Sahir: What is Buffy The Vampire Slayer?)

The Craft

Sahir
    $600 15
(Sahir: What is larynex?)
[Originally ruled incorrect]
...
(Alex: [Before Final Jeopardy!] We have a small change in scoring and it affects Sahir--we have verified that "larynex" is an acceptable pronounciation for "larynx" and so his score is now correct.)

the larynx

SahirKristen
    $600 21
a plumber

Sahir
    $800 7
Venezuela

Kristen
    $800 25
love & war

Sahir
    $800 14
Pretty Boy Floyd

Enos
    $800 2
Ferris Bueller's Day Off

Sahir
    $800 12
the appendix

Kristen
    $800 20
a tombstone

Kristen
    $1000 6
Haiti

Enos
    $1000 24
(Sahir: What is the manual?)

the instructions

SahirEnos
    $1000 13
Lord Byron

Enos
    $1000 1
Swing Kids

Kristen
    $1000 11
the hypothalamus

Sahir
    $1000 19
dumbwaiter

Kristen

Scores at the end of the Double Jeopardy! Round:

Sahir Kristen Enos
$4,900 $10,200 $7,800

[wagering suggestions for these scores]

Final Jeopardy! Round responses

HOLIDAYS
SahirWhat is (Kwanzaa) Kwaanza?
$4,900
EnosWhat is Kwanzaa?
$2,000
KristenWhat is Kwanza??
$3,200
Kwanzaa

Final scores:

Sahir Kristen Enos
$9,800 $13,400 $9,800

Cumulative scores:

Sahir Kristen Enos
$26,300 $14,400 $20,800
Tournament champion: $26,300 2nd runner-up: $14,400 1st runner-up: $20,800

Game dynamics:

Coryat scores:

Sahir Kristen Enos
$6,900 $9,100 $7,700
20 R,
3 W
(including 1 DD)
20 R
(including 1 DD),
1 W
18 R
(including 1 DD),
2 W

Combined Coryat: $23,700

[game clues] [game scores] [suggest correction]

Game tape date: 1997-11-02
The J! Archive is created by fans, for fans. Scraping, republication, monetization, and malicious use prohibited; this site may use cookies and collect identifying information. See terms. The Jeopardy! game show and all elements thereof, including but not limited to copyright and trademark thereto, are the property of Jeopardy Productions, Inc. and are protected under law. This website is not affiliated with, sponsored by, or operated by Jeopardy Productions, Inc. Join the discussion at JBoard.tv.